Statistics for Revolutions, Political and Social

Click here to take the quiz!

General Stats

  • This quiz has been taken 11,708 times
    (8,154 since last reset)
  • The average score is 10 of 17

Answer Stats

ClueRevolution% Correct
Revolution that prominently featured guillotinesFrench
99%
The invention of steam power and factoriesIndustrial
96%
Yankees vs. RedcoatsAmerican
88%
The collective name of two revolutions that overthrew the tsar in 1917Russian
79%
How Castro came to powerCuban
79%
Replacement of analog technologyDigital
76%
Overthrow of the shah in 1979Iranian
73%
The second of these two revolutions, led by Vladimir LeninOctober / Bolshevik
72%
The beginning of crop production about 10,000 years agoAgricultural / Neolithic
67%
Loosening of mores brought about by the birth control pillSexual
54%
Mao's effort to purge bourgeois elements and uproot traditional Chinese valuesCultural
47%
Revolution against France led by Toussaint L'OuvertureHaitian
39%
Overthrow of Communism in Czechoslovakia (hint: a type of fabric)Velvet
34%
2004 Democracy movement in UkraineOrange
31%
What brought William & Mary to power in EnglandGlorious
24%
Shift to a heliocentric model of the solar systemCopernican
17%
Revolution that increased crop yields in developing countriesGreen
16%

Score Distribution

Percentile by Number Answered

Percent of People with Each Score

Your Score History

You have not taken this quiz since the last reset